书目信息 |
| 题名: |
雷与避雷
|
|
| 作者: | 顾慈祥 编著 | |
| 分册: | ||
| 出版信息: | 上海 科学技术出版社 1956 |
|
| 页数: | 97页 | |
| 开本: | 20cm | |
| 丛书名: | ||
| 单 册: | ||
| 中图分类: | P446 | |
| 科图分类: | ||
| 主题词: | 天气学 | |
| 电子资源: | ||
| ISBN: | ||
| 000 | 00525nam0 2200205 450 | |
| 001 | 0660850804 | |
| 005 | 20060321165659.73 | |
| 010 | @dCNY0.42 | |
| 100 | @a20060321d1956 km y0chiy0120 ea | |
| 101 | 0 | @achi |
| 102 | @aCN | |
| 102 | @aCN@b310000 | |
| 200 | 1 | @a雷与避雷@Alei yu bi lei@f顾慈祥编著@Fgu ci xiang bian zhu |
| 210 | @a上海@c科学技术出版社@d1956 | |
| 215 | 1 | @a97页@d20cm |
| 606 | 0 | @a天气学 |
| 690 | @aP446@v4 | |
| 701 | 0 | @a顾慈祥@Agu ci xiang@4编著 |
| 801 | 0 | @aCN@bPFT@c20060321 |
| 905 | @a10447@dP446@e2 | |
| 雷与避雷/顾慈祥编著.-上海:科学技术出版社,1956 |
| 97页;20cm |
| ISBN :CNY0.42 |
| ● |
| 相关链接 |
|
|
|
|
正题名:雷与避雷
索取号:P446/2
 
预约/预借
| 序号 | 登录号 | 条形码 | 馆藏地/架位号 | 状态 | 备注 |
| 1 | 0017991 | 202216280 | 密集书库/ [索取号:P446/2] | 在馆 |